Hauptstädte russischer Förderationssubjekte - Statistiken

Allgemein
  • Dieses Quiz wurde 52 mal gespielt
  • Das Durchschnittsergebnis liegt bei 6 aus 15
Antwortstatistiken
Hint Antwort % Korrekt
Omsk Omsk
85%
Rostow Rostow
85%
Krasnodar Krasnodar
70%
Tschetschenien Grosny
60%
Tatarstan Kasan
55%
Jakutien (Sacha) Jakutsk
49%
Primorje Wladiwostok
47%
Baschkortostan Ufa
45%
Dagestan Machatschkala
40%
Burjatien Ulan Ude
28%
Adygeja Maikop
17%
Inguschetien Magas
13%
Mordwinien Saransk
13%
Chakassien Abakan
11%
Altai Gorno Altaisk
9%
Keine übereinstimmenden Quizze gefunden
Verteilung der Resultate
Anzahl Personen mit jedem Resultat
Perzentil nach korrekt beantworteten Fragen
Ihre Resultats-Entwicklung
Sie haben dieses Quiz noch nicht gespielt